Coloquio hispano-francés sobre teledetección y planificación integrada del territorio
Saved in:
| 格式: | 圖書 |
|---|---|
| 語言: | 西班牙语 |
| 出版: |
Madrid
Instituto Geográfico Nacional
1989
|
| 叢編: | Comunicaciones y Ponencias, 8
|
| 主題: | |
| 標簽: |
添加標簽
沒有標簽, 成為第一個標記此記錄!
|
MARC
| LEADER | 00000nam a2200000 a 4500 | ||
|---|---|---|---|
| 001 | UCM0094 | ||
| 003 | CL-VaPUC | ||
| 005 | 20210831074532.0 | ||
| 008 | 020108e19890000sp 1 spa d | ||
| 082 | 0 | 4 | |a 526 |b COL |2 21 |
| 245 | 1 | 0 | |a Coloquio hispano-francés sobre teledetección y planificación integrada del territorio |
| 246 | 1 | 0 | |a Colloque franco-espagnol sur teledetection et planification integree du territoire |
| 260 | |a Madrid |b Instituto Geográfico Nacional |c 1989 | ||
| 300 | |a 367 p | ||
| 490 | 0 | |a Comunicaciones y Ponencias, 8 | |
| 500 | |a ALGUNOS EJEMPLARES EN INST.DE GEOGRAFIA POR PROY.MINEDUC | ||
| 583 | |a last modification |c 20190822 01:11:44 |k Rodrigo Vera | ||
| 650 | 0 | 0 | |a Teledetección |9 376776 |
| 650 | 0 | 0 | |a Cartografía |9 266055 |
| 650 | 0 | 0 | |a Sistemas de información geográfica |9 466572 |
| 942 | |c BK | ||
| 945 | |a crobeson |d 20020108 00:00:00 | ||
| 546 | |a En Español | ||
| 536 | |a Instituto Geográfico Nacional | ||
| 518 | |p Teledetección y Planificación Integrada del Territorio, 1, Madrid, 19 y 20 de mayo de 1988 | ||
| 999 | |c 383742 |d 383740 | ||
| 952 | |0 0 |1 0 |4 0 |6 526_000000000000000_COL_1989 |7 0 |8 A |9 505983 |a BIBING |b BIBING |d 2020-01-23 |i 3786374 |o 526 COL 1989 |p 3786374 |r 2025-01-20 |w 2020-01-23 |y BK |k GEO | ||